Összefoglaló visszatekintés dr. Szeghy Endre művészetére születésének 125. évfordulóján

Elmentve itt :
Bibliográfiai részletek
Szerző: Dombi Józsefné
Testületi szerző: Zenei évfordulók, új zenepedagógiai kutatások
Dokumentumtípus: Könyv része
Megjelent: SZTE JGYPK Művészeti Intézet Ének-zene Tanszék Szeged 2024
Sorozat:A Juhász Gyula Pedagógusképző Kar Ének-Zene Tanszékének kiadványai
Brun (145) - Gershwin (125) - Kadosa (120) : tanulmánykötet
Nemzetközi Zenei Konferencia
Kulcsszavak:Szeghy Endre, Zeneszerzés - magyar - 20. sz. - életmű - életrajz, Népzenekutatás - magyar - 20. sz. - életmű - életrajz
Tárgyszavak:
Online Access:http://acta.bibl.u-szeged.hu/84645
LEADER 01246naa a2200241 i 4500
001 acta84645
005 20260312143546.0
008 240410s2024 hu o 100 hun d
020 |a 978-963-648-031-8 
040 |a SZTE Egyetemi Kiadványok Repozitórium  |b hun 
041 |a hun 
100 1 |a Dombi Józsefné 
245 1 0 |a Összefoglaló visszatekintés dr. Szeghy Endre művészetére születésének 125. évfordulóján  |h [elektronikus dokumentum] /  |c  Dombi Józsefné 
260 |a SZTE JGYPK Művészeti Intézet Ének-zene Tanszék  |b Szeged  |c 2024 
300 |a 56-62 
490 0 |a A Juhász Gyula Pedagógusképző Kar Ének-Zene Tanszékének kiadványai 
490 0 |a Brun (145) - Gershwin (125) - Kadosa (120) : tanulmánykötet 
490 0 |a Nemzetközi Zenei Konferencia 
650 4 |a Bölcsészettudományok 
650 4 |a Művészetek (művészetek, művészettörténet, előadóművészetek, zene) 
695 |a Szeghy Endre, Zeneszerzés - magyar - 20. sz. - életmű - életrajz, Népzenekutatás - magyar - 20. sz. - életmű - életrajz 
711 |a Zenei évfordulók, új zenepedagógiai kutatások  |c Szeged  |d 2023. október 3-4. 
856 4 0 |u http://acta.bibl.u-szeged.hu/84645/1/enek_zene_tanszek_2024_056-062.pdf  |z Dokumentum-elérés